ბათუმის შოთა რუსთაველის სახელმწიფო უნივერსიტეტის ბიბლიოთეკა

ტრაქტორები და ავტომობილები. (ბიბ.ჩანაწერი № 44705)

000 -LEADER
fixed length control field 00936nam a2200241Ia 4500
001 - CONTROL NUMBER
control field 11510
003 - CONTROL NUMBER IDENTIFIER
control field GE_BSU
008 - FIXED-LENGTH DATA ELEMENTS--GENERAL INFORMATION
fixed length control field 181216s||||||||xx |||||||||||||| ||und||
040 ## - CATALOGING SOURCE
Transcribing agency GE_BSU
080 ## - UNIVERSAL DECIMAL CLASSIFICATION NUMBER
Universal Decimal Classification number 629.114.2+629.113+621.43.01
100 ## - MAIN ENTRY--PERSONAL NAME
Personal name მახალდიანი,ვ.
245 ## - TITLE STATEMENT
Title ტრაქტორები და ავტომობილები.
245 ## - TITLE STATEMENT
Remainder of title საავტოტრაქტორო ძრავების თეორია და გაანგარიშება.
245 ## - TITLE STATEMENT
Statement of responsibility, etc. რედ:პ.ლაბარტყავა.
250 ## - EDITION STATEMENT
Edition statement მე–3 გადამუშ.გამოც.
260 ## - PUBLICATION, DISTRIBUTION, ETC.
Place of publication, distribution, etc. თბილისი.
260 ## - PUBLICATION, DISTRIBUTION, ETC.
Name of publisher, distributor, etc. განათლება.
260 ## - PUBLICATION, DISTRIBUTION, ETC.
Date of publication, distribution, etc. 1988.
300 ## - PHYSICAL DESCRIPTION
Extent 406გვ;20სმ.
300 ## - PHYSICAL DESCRIPTION
Accompanying material დანართი გვ. 395.
653 ## - INDEX TERM--UNCONTROLLED
Uncontrolled term ტრაქტორები და ავტომობილები.
942 ## - ADDED ENTRY ELEMENTS (KOHA)
Koha item type წიგნი
ეგზემპლარები
Withdrawn status Lost status Damaged status Not for loan Date acquired Barcode Date last seen Price effective from Koha item type
        2018-12-17 20182 2018-12-17 2018-12-17 წიგნი
        2018-12-17 20183 2018-12-17 2018-12-17 წიგნი
        2018-12-17 20184 2018-12-17 2018-12-17 წიგნი
        2018-12-17 20185 2018-12-17 2018-12-17 წიგნი
        2018-12-17 20186 2018-12-17 2018-12-17 წიგნი